000 00581nam a22002057a 4500
005 20240223120858.0
008 240223b ||||| |||| 00| 0 eng d
020 _a9789358491487
040 _aIN-DiNC
_cIN-DiNC
041 _dasm
082 _a301
_bBHU
100 _aBhuyan, Dilip Kumar
_eauthor
245 _aSamajtattwa parichay (Part II)/
_cby Dilip Kumar Bhuyan and Prasanta Phukan
250 _a1st ed.
260 _aDibrugarh:
_bBanalata,
_c2024.
300 _a311p.
650 _aIntroduction to sociology II
700 _aPhukan, Prasanta
_eauthor
942 _2ddc
_cBK
999 _c11754
_d11754